TV Comedies of the Last 25 Years Quiz Stats

 Plays Quiz Updated Jan 7, 2019

Score 0/25 Timer 08:00
9 Plays Today
% Correct
The Big Bang Theory
96.6%
Friends
96.4%
The Office (US)
94.6%
Scrubs
92.7%
2 Broke Girls
91.4%
That '70s Show
90.7%
Parks and Recreation
88.9%
Malcolm in the Middle
85.6%
30 Rock
84.8%
Black-ish
77.5%
Brooklyn Nine-Nine
76.3%
3rd Rock From the Sun
71.3%
The Mindy Project
69.3%
% Correct
The Drew Carey Show
65.4%
George Lopez
63.5%
Fresh Off the Boat
60.1%
Arrested Development
59.4%
Freaks and Geeks
56.7%
Drake and Josh
55.5%
Louie
54.9%
Just Shoot Me!
43.2%
Barry
33.1%
The Inbetweeners
28.4%
Speechless
26%
The Mayor
21.3%

You're not logged in!

Compare scores with friends on all Sporcle quizzes.
OR
Log In

You Might Also Like...

Show Comments

Extras

Top Quizzes Today


Score Distribution

Your Account Isn't Verified!

In order to create a playlist on Sporcle, you need to verify the email address you used during registration. Go to your Sporcle Settings to finish the process.

Report this User

Report this user for behavior that violates our Community Guidelines.

Details: